Flagi państw członkowskich NATO - nagła śmierć - Statystyki

Ogólne statystyki
  • Ten quiz został rozwiązany 166 razy
    47 od ostatniego zresetowania
  • Średni wynik to 10 z 32
Answers on the Grid
Answers color-coded by a green-red scale on the quiz's grid according to % correct below.
 
Statystyki odpowiedzi
Odpowiedź % Poprawnych
67%
58%
50%
50%
42%
42%
42%
42%
42%
42%
42%
42%
42%
33%
33%
33%
33%
33%
33%
25%
25%
25%
25%
25%
25%
17%
17%
17%
17%
8%
8%
0%
Nie znaleziono quizów pasujących do podanych kryteriów
Rozkład punktacji
Procent ludzi z każdym wynikiem
Percentyl według liczby udzielonych odpowiedzi
Twoja historia wyników
Nie rozwiązałeś tego quizu od ostatniego zresetowania